| 000 | 01254nac a22003497a 4500 | ||
|---|---|---|---|
| 001 | BR8203455 | ||
| 003 | BR-BrBNA | ||
| 005 | 20240105115348.0 | ||
| 008 | 230509b bl.|||m| |||| 00| 0 por d | ||
| 040 |
_aBR-BrBNA _bpor _cBiblioteca Nacional de Agricultura |
||
| 072 | _aF10; E30; P12 | ||
| 090 | _a9000 BR8203455 | ||
| 100 | 1 | _aMota, F.S. da | |
| 100 | 1 | _aRosskoff, J.L. da C. | |
| 110 | 1 |
_aUniversidade Federal de Pelotas, RS (Brasil). Estacao Agroclimatologica _910883 |
|
| 245 | 1 |
_aEstrategias e tecnologias para minimizar os efeitos das secas sobre a producao de alimentos no sul do Brasil. [Suprimento de alimento; Irrigacao; Clima, chuva artificial] _bConvenio EMBRAPA-UFPel/FINEP |
|
| 260 | 3 |
_aPelotas, RS (Brasil): _c1982. |
|
| 300 | _a27 p. | ||
| 490 |
_aBoletim Tecnico - Universidade Federal de Pelotas. Estacao Agroclimatologica (Brazil) _vno. 5 _x |
||
| 500 | _aBibliography p. 18-27 (80 ref.) | ||
| 650 | _aPOLITICA AGRICOLA | ||
| 650 | _aIRRIGACAO | ||
| 650 | _aALIMENTO | ||
| 650 | _aSECA | ||
| 650 | _aSUPRIMENTO DE ALIMENTO | ||
| 650 | _aCLIMA | ||
| 650 | _aCHUVA ARTIFICIAL | ||
| 650 | _aBALANCO HIDRICO | ||
| 650 | _aREGIAO SUL | ||
| 909 |
_a202312 _bLúcia Elande _c55 _dLúcia Elande |
||
| 942 |
_2AGRIS _n0 _cMS |
||
| 999 |
_c274497 _d274497 |
||